Arid-zone hydrology : investigations with isotope techniques :proceedings of an advisory group meeting on application of isotope techniques in arid zones hydrology /

Bibliographic Details
Corporate Authors: Advisory Group Meeting on Application of Isotope Techniques in Arid Zones Hydrology Vienna, Austria, International Atomic Energy Agency
Format: Conference Proceeding Book
Language:English
Published: Vienna : International Atomic Energy Agency, 1980.
Series:Panel proceedings series.
Subjects:

MARC

Tag First Indicator Second Indicator Subfields
LEADER 00000cam a2200000 a 4500
001 in00000081115
005 20151008055418.0
008 820118s1980 au a b i10010 eng
010 |a  81165048  
015 |a Au*** 
020 |z 9201411804 
035 |a (OCoLC)07389308 
035 |9 AAJ3400AM 
039 0 |a 2  |b 3  |c 3  |d 3  |e 3 
040 |a DLC  |c DLC  |d TXA  |d UtOrBLW 
049 |a TXAM  |c [1502299] 
050 0 0 |a GB841  |b .A38 1978 
082 0 |a 551.48/09154  |2 19 
111 2 |a Advisory Group Meeting on Application of Isotope Techniques in Arid Zones Hydrology  |d (1978 :  |c Vienna, Austria) 
245 1 0 |a Arid-zone hydrology :  |b investigations with isotope techniques :proceedings of an advisory group meeting on application of isotope techniques in arid zones hydrology /  |c organized by the International Atomic Energy Agency and held in Vienna from 6 to 9 November 1978. 
264 1 |a Vienna :  |b International Atomic Energy Agency,  |c 1980. 
300 |a 265 pages :  |b illustrations ;  |c 24 cm. 
336 |a text  |b txt  |2 rdacontent 
337 |a unmediated  |b n  |2 rdamedia 
338 |a volume  |b nc  |2 rdacarrier 
490 1 |a Panel proceedings series 
500 |a Errata slip inserted. 
504 |a Includes bibliographical references. 
650 0 |a Arid regions  |v Congresses. 
650 0 |a Radioisotopes in hydrology  |x Congresses. 
710 2 |a International Atomic Energy Agency. 
830 0 |a Panel proceedings series. 
999 |a MARS 
999 f f |s 2c551799-f2c6-3de2-b10c-5a024b10ad80  |i 50a22b30-8adc-3b9e-ac77-dc807c771594  |t 0 
952 f f |p normal  |a Texas A&M University  |b College Station  |c Sterling C. Evans Library  |d Evans: Library Stacks  |t 0  |e GB841 .A38 1978  |h Library of Congress classification  |i unmediated -- volume  |m A14806113222 
998 f f |a GB841 .A38 1978  |t 0  |l Evans: Library Stacks